O direito ao silêncio no processo penal : (Record no. 29)
[ view plain ]
| 000 -LÍDER | |
|---|---|
| Campo Fixo de Controle | 00819cam a2200241 a 4500 |
| 001 - NÚMERO DE CONTROLE | |
| Campo de Controle | 29 |
| 003 - IDENTIFICAÇÃO DO NÚMERO DE CONTROLE | |
| Campo de Controle | BR-CuiBMT |
| 005 - DATA E HORA DA ÚLTIMA ATUALIZAÇÃO | |
| Campo de Controle | 20231031222630.0 |
| 008 - DADOS FIXOS | |
| Dados Fixos | 230804s2022 mgb 000 0 por d |
| 020 ## - INTERNATIONAL STANDARD BOOK NUMBER | |
| Nº do ISBN | 9786555183467 |
| 040 ## - AGÊNCIA CATALOGADORA | |
| Código da Agência Catalogadora | BR-CuiBMT |
| Agência que transcreveu o registro | BR-CuiBMT |
| 080 ## - Nº DA CLASSIFICAÇÃO DECIMAL UNIVERSAL | |
| Nº edição CDU | 2007 |
| Nº Class. CDU | 343.1 |
| 090 ## - NÚMERO DE CHAMADA | |
| Nº classificação | 343.1 |
| Cutter | S237d |
| Ano/Edição | 4. ed. |
| 100 1# - ENTRADA PRINCIPAL -- AUTOR PESSOAL | |
| Nome pessoal | Santos, Marcus Renan Palácio de Morais Claro dos |
| 245 12 - TÍTULO PRINCIPAL | |
| Título principal | O direito ao silêncio no processo penal : |
| Subtítulo | uma abordagem sobre o princípio nemo tenetur se detegere / |
| Indicação de responsabilidade | Marcus Renan Palácio de Morais Claro dos Santos. |
| 250 ## - EDIÇÃO | |
| Edição | 4. ed., rev., ampl. e atual. |
| 260 ## - PUBLICAÇÃO, DISTRIBUIÇÃO, ETC. | |
| Local de publicação | Belo Horizonte : |
| Editora | Fórum, |
| Data | 2022. |
| 300 ## - DESCRIÇÃO FÍSICA | |
| N. páginas ou volumes | 192 p. ; |
| Dimensões | 22 cm |
| 504 ## - NOTA DE BIBLIOGRAFIA, ETC. | |
| Nota de bibliografia | Inclui bibliografia. |
| 650 ## - ASSUNTO TÓPICO | |
| Cabeçalho tópico ou nome geográfico | Silêncio (Processo penal) |
| 650 ## - ASSUNTO TÓPICO | |
| Cabeçalho tópico ou nome geográfico | Direito processual penal |
| Subdivisão geral | Silêncio |
| 942 ## - ELEMENTOS DE ENTRADA ADICIONAIS (KOHA) | |
| Fonte de classificação ou esquema de arquivamento | Classificação Decimal Universal |
| Tipo de item do Koha | Livros |
| Estado: removido | Estado: perdido | Fonte de classificação ou esquema de arquivamento | Estado: danificado | Indisponível para empréstimo | Localização permanente | Localização atual | Data de aquisição | Total Checkouts | Número de Chamada completo | Código de barras | Date last seen | Número do exemplar | Preço efetivo a partir de | Tipo de item (Koha) |
|---|---|---|---|---|---|---|---|---|---|---|---|---|---|---|
| Classificação Decimal Universal | Biblioteca da Escola Superior de Contas do TCE/MT | Biblioteca da Escola Superior de Contas do TCE/MT | 28/06/2023 | 343.1 S237d 4. ed. | BIBTCEMT23080005 | 04/08/2023 | Ex. 1 | 04/08/2023 | Livros | |||||
| Classificação Decimal Universal | Biblioteca da Escola Superior de Contas do TCE/MT | Biblioteca da Escola Superior de Contas do TCE/MT | 28/11/2023 | 343.1 S237d 4. ed. | BIBTCEMT23111211 | 28/11/2023 | Ex. 2 | 28/11/2023 | Livros | |||||
| Classificação Decimal Universal | Biblioteca da Escola Superior de Contas do TCE/MT | Biblioteca da Escola Superior de Contas do TCE/MT | 28/11/2023 | 343.1 S237d 4. ed. | BIBTCEMT23111214 | 28/11/2023 | Ex. 3 | 28/11/2023 | Livros | |||||
| Classificação Decimal Universal | Biblioteca da Escola Superior de Contas do TCE/MT | Biblioteca da Escola Superior de Contas do TCE/MT | 28/11/2023 | 343.1 S237d 4. ed. | BIBTCEMT23111215 | 28/11/2023 | Ex. 4 | 28/11/2023 | Livros |